Le Gendarme de Saint-Tropez ou La 7ème Compagnie - Statistiques

Statistiques générales
  • Ce quiz a été pris 105 fois
  • Le résultat moyen est 18 sur 30
Statistiques - réponses
Hint Réponse % Correct
Ludovic Cruchot Le Gendarme de Saint-Tropez
78%
Jérôme Gerber Le Gendarme de Saint-Tropez
77%
Josépha Le François Le Gendarme de Saint-Tropez
77%
Paul Chaudard La 7ème Compagnie
71%
Tassin La 7ème Compagnie
71%
Von Kurtel La 7ème Compagnie
71%
Yo Macumba Le Gendarme de Saint-Tropez
71%
Pithivier La 7ème Compagnie
70%
Sœur Clotilde Le Gendarme de Saint-Tropez
70%
Von Stroheim La 7ème Compagnie
68%
Fougasse Le Gendarme de Saint-Tropez
67%
Merlot Le Gendarme de Saint-Tropez
67%
Duvauchel La 7ème Compagnie
63%
Dumont La 7ème Compagnie
62%
Mère Crouzy La 7ème Compagnie
61%
Tricart Le Gendarme de Saint-Tropez
56%
Voisin La 7ème Compagnie
55%
Marianne Bonnet Le Gendarme de Saint-Tropez
55%
Marcel Chataigner La 7ème Compagnie
52%
Bolatin La 7ème Compagnie
52%
Lucas / Mathurin Le Gendarme de Saint-Tropez
52%
Taupin Le Gendarme de Saint-Tropez
51%
Gaston Gorgeton La 7ème Compagnie
50%
M. Albert La 7ème Compagnie
50%
Madame Thévenay La 7ème Compagnie
45%
Blanchet La 7ème Compagnie
45%
Berthier Le Gendarme de Saint-Tropez
45%
André-Hugues Boiselier Le Gendarme de Saint-Tropez
45%
Mr Harpers Le Gendarme de Saint-Tropez
41%
Franck Davis Le Gendarme de Saint-Tropez
38%
Aucun quiz correspondant
Distribution des résultats
% des personnes avec chaque résultat
Percentile par nombre de réponses
Votre historique - résultats
Vous n’avez pas pris ce quiz